000 02606cam a22004574a 4500
001 muse73504
003 MdBmJHUP
005 20210127151242.0
006 m o d
007 cr||||||||nn|n
008 130626s2014 ncu o 00 0 eng d
010 _z 2013025658
020 _a9780822377467
020 _z9780822355151 (cloth : alk. paper)
020 _z9780822355304 (pbk. : alk. paper)
035 _a(OCoLC)1103699982
040 _aMdBmJHUP
_cMdBmJHUP
043 _as-pe---
050 0 4 _aNX180.P64
_bA795 2014
082 0 _a700.985/09048
_223
245 0 0 _aArt from a Fractured Past
_bMemory and Truth-Telling in Post-Shining Path Peru /
_cCynthia E. Milton, editor ; afterwordSteve J. Stern.
264 1 _bDuke University Press,
264 3 _bProject MUSE,
300 _a1 online resource (xi, 307 pages) :
_billustrations ;
504 _aIncludes bibliographical references (pages 277-292) and index.
505 0 _aImages of truth : rescuing memories of Peru's internal war through testimonial art / Cynthia E. Milton -- Chungui : ethnographic drawings of violence and traces of memory / Edilberto Jimenez Quispe -- Narrating stories, representing memories : retablos and violence in Peru / María Eugenia Ulfe -- Violence, guilt, and repetition : Alonso Cueto's novel La Hora Azul / Víctor Vich -- Rupay : (Hi)stories of political violence in Peru, 1980-1984 / Luis Rossell, Alfredo Villar, and Jesús Cossio -- Ayacuchano cinema and the filming of violence : interview with Palito Ortega Matute / Ponciano del Pino -- Commemorative paths in Sacsamarca / Ricardo Caro Cárdenas -- Colliding with memory : Grupo Cultural Yuyachkani's Sin Título, Tecnica Mixta / Cynthia M. Garza -- The "voice of the victims" : testimonial songs in rural Ayacucho / Jonathan Ritter -- The artist's truth : the post-Auschwitz predicament after Latin America's age of dirty wars / Steve J. Stern.
506 0 _aOpen Access
_fUnrestricted online access
_2star
588 _aDescription based on print version record.
650 0 _aCollective memory in art.
650 0 _aArts
_xPolitical aspects
_zPeru.
651 0 _aPeru
_xPolitics and government
_y1980-
655 7 _aElectronic books.
_2local
700 1 _aMilton, Cynthia E.
710 2 _aProject Muse.
_edistributor
830 0 _aBook collections on Project MUSE.
856 4 0 _zFull text available:
_uhttps://muse.jhu.edu/book/64012/
999 _c25165
_d25165